| 000 | 01392nam a2200217Ia 4500 | ||
|---|---|---|---|
| 001 | b5969-41362 | ||
| 003 | IT-MiCISF | ||
| 008 | 161014s9999||||xx |||||||||||||| ||und|| | ||
| 040 |
_aIT-MiCISF _cIT-MiCISF |
||
| 041 | _ait | ||
| 100 | _aBiader Gabriella | ||
| 245 | 0 |
_aBattesimo, sì.... ma dopo? _bStrumenti per un percorso di fede con genitori e bambini 0-6 anni |
|
| 250 | _a1a ed. | ||
| 260 |
_aBologna _bDehoniane _c2005 |
||
| 300 | _app. 134 | ||
| 500 | _a / pastorale-sacramenti, chiesa-locale, catechesi, comunità, chiesa-domestica, famiglia, educazione-religiosa / Alla nascita di un figlio, spesso i genitori si pongono l'interrogativo se battezzarlo o no. La comunità cristiana può cogliere questo momento come particolarmente propizio per un contatto con i genitori: la nascita di un figlio - soprattutto se si tratta del primo - comporta nella coppia una ridefinizione di rapporti e di identità. Seguire da vicino, con discrezione e sensibilità, questa evoluzione, può far capire che la comunità cristiana è vicina alla vita dei genitori. Il volume offre quindi criteri pastorali, indicazioni catechetiche e pedagogiche - nate da una sperimentazione all'interno delle Chiese locali di Firenze e Milano - per affrontare questo percorso. | ||
| 650 |
_a Temi di pastorale / pastorale _e012 |
||
| 700 | _aNoceti Serena | ||
| 942 | _cBK | ||
| 957 | _71 | ||
| 999 |
_a41362 _bsi _g1 _c211120 _d211120 |
||